[Event "chess.com Speed 1m+1spm 2018"]
[Site "chess.com INT"]
[Date "2018.08.07"]
[Round "1.24"]
[White "Grischuk, Alexander"]
[Black "Nepomniachtchi, Ian"]
[Result "1/2-1/2"]
[WhiteTitle "GM"]
[BlackTitle "GM"]
[WhiteElo "2766"]
[BlackElo "2757"]
[WhiteFideId "4126025"]
[BlackFideId "4168119"]
[EventDate "2018.07.24"]

1. d4 b6 2. e4 Bb7 3. Bd3 e6 4. Nf3 Nf6 5. Qe2 d5 6. e5 Ne4 7. Nbd2 Nxd2 8. Bxd2
c5 9. c3 Nc6 10. a3 Be7 11. b4 Rc8 12. O-O O-O 13. Rfe1 Qd7 14. h4 cxd4 15. cxd4
h6 16. Bf4 Qd8 17. Qe3 f5 18. exf6 Rxf6 19. Ne5 Bd6 20. Qg3 Nxd4 21. Qe3 Nf5 22.
Bxf5 Rxf5 23. Bg3 Qe8 24. Nf3 Bxg3 25. fxg3 Rf6 26. g4 d4 27. Nxd4 Bd5 28. g5
hxg5 29. hxg5 Qg6 30. Re2 Rf7 31. Rae1 Re8 32. Qg3 a5 33. Re5 Ref8 34. Nxe6 Bxe6
35. Rxe6 Rf1+ 36. Rxf1 Rxf1+ 37. Kxf1 Qxe6 38. g6 Qf5+ 39. Kg1 Qc8 40. Qe5 Qc1+
41. Kf2 Qc2+ 42. Kg1 Qxg6 43. bxa5 Qb1+ 44. Kh2 Qh7+ 45. Kg1 Qb1+ 46. Kh2 Qh7+
47. Kg1 Qb1+ 1/2-1/2

[Event "chess.com Speed 1m+1spm 2018"]
[Site "chess.com INT"]
[Date "2018.08.07"]
[Round "1.25"]
[White "Nepomniachtchi, Ian"]
[Black "Grischuk, Alexander"]
[Result "0-1"]
[WhiteTitle "GM"]
[BlackTitle "GM"]
[WhiteElo "2757"]
[BlackElo "2766"]
[WhiteFideId "4168119"]
[BlackFideId "4126025"]
[EventDate "2018.07.24"]

1. d4 Nf6 2. Nf3 g6 3. Bg5 Bg7 4. Nbd2 d5 5. c3 O-O 6. e3 c5 7. Be2 b6 8. O-O
Bb7 9. Re1 Nc6 10. a4 Nd7 11. Qb1 Qc8 12. b4 e6 13. b5 Na5 14. Qa2 Re8 15. Rac1
a6 16. c4 axb5 17. cxb5 c4 18. Bf4 Qd8 19. h3 Qe7 20. Bf1 Qb4 21. Rb1 Qe7 22.
Rec1 Rec8 23. Bg3 Bf8 24. Bh4 Qa3 25. Qc2 Qd6 26. Ra1 Bg7 27. Bg3 Qe7 28. Qc3
Bf8 29. Rcb1 Bg7 30. Ra2 Nc5 31. Be5 Ne4 32. Nxe4 dxe4 33. Nd2 Bxe5 34. dxe5 Qc5
35. Rc2 Bd5 36. Rb4 Rc7 37. Nxc4 Rac8 38. Qd2 Bxc4 39. Bxc4 Qxe5 40. Qe2 Qd6 0-1

[Event "chess.com Speed 1m+1spm 2018"]
[Site "chess.com INT"]
[Date "2018.08.07"]
[Round "1.26"]
[White "Grischuk, Alexander"]
[Black "Nepomniachtchi, Ian"]
[Result "1-0"]
[WhiteTitle "GM"]
[BlackTitle "GM"]
[WhiteElo "2766"]
[BlackElo "2757"]
[WhiteFideId "4126025"]
[BlackFideId "4168119"]
[EventDate "2018.07.24"]

1. d4 g6 2. e4 Bg7 3. c4 d6 4. Nc3 Nc6 5. Nge2 e5 6. Be3 exd4 7. Nxd4 Nge7 8. h4
f5 9. h5 fxe4 10. hxg6 hxg6 11. Rxh8+ Bxh8 12. Nxe4 Bf5 13. Nxf5 Nxf5 14. Bg5
Qd7 15. Qd2 Nce7 16. O-O-O O-O-O 17. Kb1 Rf8 18. f3 Kb8 19. a3 a6 20. Ka2 Nc6
21. Qd5 Nfe7 22. Qd3 Ne5 23. Qb3 Qe8 24. c5 1-0

[Event "chess.com Speed 1m+1spm 2018"]
[Site "chess.com INT"]
[Date "2018.08.07"]
[Round "1.27"]
[White "Nepomniachtchi, Ian"]
[Black "Grischuk, Alexander"]
[Result "1-0"]
[WhiteTitle "GM"]
[BlackTitle "GM"]
[WhiteElo "2757"]
[BlackElo "2766"]
[WhiteFideId "4168119"]
[BlackFideId "4126025"]
[EventDate "2018.07.24"]

1. e4 e5 2. Nf3 Nc6 3. Bb5 Nf6 4. d3 Bc5 5. Nbd2 d6 6. O-O O-O 7. c3 Ne7 8. d4
exd4 9. cxd4 Bb6 10. Re1 Bg4 11. h3 Bh5 12. a4 a6 13. Bf1 Ba5 14. Ra3 Nc6 15. g4
Bg6 16. d5 Nb8 17. Rb3 Nbd7 18. g5 Nh5 19. Ree3 Nc5 20. Ra3 f6 21. Nh4 fxg5 22.
Nxg6 hxg6 23. Rf3 Qe7 24. Rxf8+ Rxf8 25. Rf3 Bxd2 26. Rxf8+ Qxf8 27. Bxd2 Nxe4
28. Be3 Qf5 29. Qc2 Qe5 30. Qxc7 Nhf6 31. Qxb7 Kh7 32. Qxa6 g4 33. Qd3 gxh3 34.
Bxh3 Qxb2 35. Bg2 Qa1+ 36. Qf1 Qxa4 37. Bf3 Nxd5 38. Qh3+ Kg8 39. Qe6+ Kh7 40.
Qxd5 Qa1+ 41. Kg2 Nf6 42. Qxd6 Qa4 43. Qh2+ Kg8 44. Qb8+ Kh7 45. Qh2+ Kg8 46.
Qh3 Qc4 47. Qg3 Kh7 48. Qf4 Qe6 49. Qg5 Qc4 50. Qf4 Qe6 51. Qd4 Qf5 52. Bf4 Qe6
53. Be5 Qf5 54. Be2 Qg5+ 55. Bg3 Qf5 56. Qh4+ Kg8 57. Bc4+ Kf8 58. Qh8+ 1-0

[Event "chess.com Speed 1m+1spm 2018"]
[Site "chess.com INT"]
[Date "2018.08.07"]
[Round "1.28"]
[White "Grischuk, Alexander"]
[Black "Nepomniachtchi, Ian"]
[Result "1-0"]
[WhiteTitle "GM"]
[BlackTitle "GM"]
[WhiteElo "2766"]
[BlackElo "2757"]
[WhiteFideId "4126025"]
[BlackFideId "4168119"]
[EventDate "2018.07.24"]

1. d4 d5 2. c4 e5 3. dxe5 d4 4. Nf3 Nc6 5. Nbd2 Bg4 6. g3 f6 7. Qb3 Rb8 8. exf6
Nxf6 9. Bg2 Bc5 10. Qb5 Qe7 11. Nb3 Bb4+ 12. Bd2 Bxd2+ 13. Nbxd2 a6 14. Qb3 O-O
15. O-O Rbe8 16. Rae1 Qc5 17. e3 dxe3 18. Rxe3 Rxe3 19. Qxe3 Qxe3 20. fxe3 Rd8
21. h3 Bxf3 22. Nxf3 Ne4 23. g4 h6 24. Nd4 Nxd4 25. Bxe4 Ne2+ 26. Kg2 Rd2 27.
Rf2 Rxb2 28. Bf3 Rxa2 29. Rxe2 Ra4 30. Bxb7 1-0

[Event "chess.com Speed 1m+1spm 2018"]
[Site "chess.com INT"]
[Date "2018.08.07"]
[Round "1.29"]
[White "Nepomniachtchi, Ian"]
[Black "Grischuk, Alexander"]
[Result "1-0"]
[WhiteTitle "GM"]
[BlackTitle "GM"]
[WhiteElo "2757"]
[BlackElo "2766"]
[WhiteFideId "4168119"]
[BlackFideId "4126025"]
[EventDate "2018.07.24"]

1. e4 e5 2. Nf3 Nc6 3. d4 exd4 4. c3 d5 5. exd5 Qxd5 6. cxd4 Bg4 7. Be2 Bb4+ 8.
Nc3 Bxf3 9. Bxf3 Qc4 10. Be2 Qxd4 11. Qb3 Nge7 12. O-O O-O 13. a3 Bxc3 14. bxc3
Qb6 15. Qc2 Qc5 16. Bd3 h6 17. Rb1 b6 18. Bf4 a6 19. a4 Nd5 20. Bd2 Rad8 21.
Rfe1 Qd6 22. Be4 Nf6 23. Bxc6 Qxc6 24. Bf4 Rd7 25. Be5 Rfd8 26. h3 Nd5 27. c4
Ne7 28. Qc3 Nf5 29. a5 b5 30. cxb5 Qxc3 31. Bxc3 axb5 32. Rxb5 Nd4 33. Rc5 Ne6
34. Rc4 c5 35. Ra4 Ra8 36. Rb1 Ra6 37. Rb6 Rxb6 38. axb6 Rb7 39. Ra8+ Kh7 40.
Ba5 Kg6 41. Ra7 Rb8 42. Rd7 c4 43. Rd6 Kf5 44. Bc3 Ke4 45. f3+ Ke3 46. Kf1 Kf4
47. Kf2 Kf5 48. g4+ Kg6 49. h4 h5 50. Rc6 hxg4 51. fxg4 Kh7 52. Be5 Rb7 53. Bc7
g5 54. h5 Nf8 55. Rxc4 Nd7 56. Rc6 f6 57. Rd6 Kg7 58. Rxd7+ 1-0

[Event "chess.com Speed 5m+1spm 2018"]
[Site "chess.com INT"]
[Date "2018.08.30"]
[Round "1.1"]
[White "Andriasian, Zaven"]
[Black "Vidit, Santosh Gujrathi"]
[Result "1-0"]
[WhiteTitle "GM"]
[BlackTitle "GM"]
[WhiteElo "2591"]
[BlackElo "2718"]
[WhiteFideId "13302000"]
[BlackFideId "5029465"]
[EventDate "2018.07.24"]

1. e4 c6 2. Nc3 d5 3. Nf3 Nf6 4. e5 Ne4 5. Ne2 Qb6 6. d4 e6 7. Ng3 c5 8. Bd3
Nxg3 9. hxg3 cxd4 10. Nxd4 Nc6 11. Nf3 Bd7 12. c3 O-O-O 13. O-O f6 14. Bf4 Qxb2
15. Rb1 Qa3 16. Rb3 Qxa2 17. Rb1 Qa5 18. Qb3 Qb6 19. Qa2 Qa5 20. Qb2 Qb6 21. Qe2
Qc5 22. Rb5 Qa3 23. Rfb1 Na5 24. R5b2 f5 25. Ra2 Qc5 26. Be3 Qc7 27. Bxa7 Nc4
28. Bxc4 Qxc4 29. Qxc4+ dxc4 30. Bb6 1-0

[Event "chess.com Speed 5m+1spm 2018"]
[Site "chess.com INT"]
[Date "2018.08.30"]
[Round "1.2"]
[White "Vidit, Santosh Gujrathi"]
[Black "Andriasian, Zaven"]
[Result "0-1"]
[WhiteTitle "GM"]
[BlackTitle "GM"]
[WhiteElo "2718"]
[BlackElo "2591"]
[WhiteFideId "5029465"]
[BlackFideId "13302000"]
[EventDate "2018.07.24"]

1. e4 c5 2. Nf3 d6 3. d4 cxd4 4. Nxd4 Nf6 5. Nc3 a6 6. f3 e5 7. Nb3 Be7 8. Be3
Be6 9. Qd2 h5 10. Nd5 Nxd5 11. exd5 Bf5 12. Be2 Nd7 13. O-O Bg6 14. a4 a5 15.
Bd3 Bxd3 16. Qxd3 O-O 17. Nd2 f5 18. Qb5 Qc7 19. c3 Rac8 20. Kh1 h4 21. Rae1 b6
22. f4 h3 23. gxh3 Bh4 24. Re2 Rce8 25. Rg2 Re7 26. Qc6 Qb8 27. Nf3 Bf6 28. fxe5
Nxe5 29. Nxe5 Bxe5 30. Qxb6 Rb7 31. Qxa5 Rxb2 32. c4 f4 33. Bc1 Rb3 34. Qd2 Rxh3
35. Qc2 f3 36. Rgf2 Rf6 37. Qe4 Qc8 38. Bg5 Rf7 39. a5 Rh5 40. Be3 Qh3 41. Qg6
Rf6 42. Qg1 Kh7 43. a6 Rg6 44. Qxg6+ Kxg6 45. Bf4 Bxf4 0-1

[Event "chess.com Speed 5m+1spm 2018"]
[Site "chess.com INT"]
[Date "2018.08.30"]
[Round "1.3"]
[White "Andriasian, Zaven"]
[Black "Vidit, Santosh Gujrathi"]
[Result "0-1"]
[WhiteTitle "GM"]
[BlackTitle "GM"]
[WhiteElo "2591"]
[BlackElo "2718"]
[WhiteFideId "13302000"]
[BlackFideId "5029465"]
[EventDate "2018.07.24"]

1. e4 e5 2. Nf3 Nc6 3. Bc4 Bc5 4. d3 Nf6 5. O-O O-O 6. Nbd2 d6 7. c3 a5 8. Bb3
h6 9. h3 Be6 10. Re1 Bxb3 11. axb3 d5 12. Qe2 Re8 13. Nf1 Qd7 14. Nh4 Rad8 15.
Qf3 dxe4 16. dxe4 Qd3 17. Qxd3 Rxd3 18. Nf3 b6 19. N1d2 b5 20. Nf1 Bb6 21. Bd2
Red8 22. Re2 Nd7 23. Be1 Nc5 24. N1d2 f6 25. h4 h5 26. Nh2 Ne6 27. Ndf3 Rd1 28.
Rxd1 Rxd1 29. g3 Nc5 30. b4 axb4 31. cxb4 Nd3 32. Kg2 Ncxb4 33. Bxb4 Nxb4 34. g4
Nd3 35. Rc2 Nxf2 36. gxh5 Nxe4 37. Ng4 Nd6 38. h6 e4 39. Nfh2 Rg1+ 40. Kh3 Nf5
41. Rg2 Rxg2 42. Kxg2 Nxh6 43. Nxh6+ gxh6 44. h5 f5 45. Nf1 Kg7 46. Ng3 Kf6 47.
b3 Ke5 48. Kh3 f4 49. Nf1 e3 50. Nh2 Ke4 51. Kg4 e2 52. Nf3 Bf2 0-1

[Event "chess.com Speed 5m+1spm 2018"]
[Site "chess.com INT"]
[Date "2018.08.30"]
[Round "1.4"]
[White "Vidit, Santosh Gujrathi"]
[Black "Andriasian, Zaven"]
[Result "1/2-1/2"]
[WhiteTitle "GM"]
[BlackTitle "GM"]
[WhiteElo "2718"]
[BlackElo "2591"]
[WhiteFideId "5029465"]
[BlackFideId "13302000"]
[EventDate "2018.07.24"]

1. e4 c5 2. Nf3 d6 3. Bb5+ Nc6 4. O-O Bd7 5. Re1 Nf6 6. h3 a6 7. Bf1 g6 8. c3
Bg7 9. d4 O-O 10. e5 dxe5 11. dxe5 Ne8 12. Bf4 Nc7 13. Nbd2 Nd5 14. Bg3 Bf5 15.
a4 Rc8 16. Nc4 b5 17. axb5 axb5 18. Ncd2 b4 19. c4 Nc7 20. Bh2 h5 21. Nh4 Nd4
22. Nxf5 Nxf5 23. Ne4 Ne6 24. g4 hxg4 25. hxg4 Qxd1 26. Rexd1 Nfd4 27. Kg2 g5
28. Ra7 Rfe8 29. Rb7 Nc6 30. Rd5 Ncd4 31. f3 Kf8 32. Kf2 Red8 33. Ke3 Nc2+ 34.
Kf2 Ncd4 35. Bd3 Nb3 36. Ke3 Nbd4 37. Nd2 Nf4 38. Bxf4 gxf4+ 39. Kxf4 Bh6+ 40.
g5 Ne6+ 41. Kg4 Bxg5 42. Nb3 Be3 43. Bf5 Re8 44. Bxe6 fxe6 45. Rd3 Bf2 46. f4
Kf7 47. Kf3 Bg1 48. Rd1 Rg8 49. Rdd7 Rce8 50. Rd2 Rh8 51. Rg2 Rh3+ 52. Rg3 Rxg3+
53. Kxg3 Be3 54. Kf3 Bg1 55. Rc7 Rh8 56. Nxc5 Bxc5 57. Rxc5 Rh3+ 58. Ke4 Rb3 59.
Rb5 Rxb2 60. c5 b3 61. Rb8 Rb1 62. Kd3 Rc1 63. Kd4 Rb1 64. c6 Rc1 65. Rxb3 Rxc6
66. Rh3 1/2-1/2

[Event "chess.com Speed 5m+1spm 2018"]
[Site "chess.com INT"]
[Date "2018.08.30"]
[Round "1.5"]
[White "Andriasian, Zaven"]
[Black "Vidit, Santosh Gujrathi"]
[Result "0-1"]
[WhiteTitle "GM"]
[BlackTitle "GM"]
[WhiteElo "2591"]
[BlackElo "2718"]
[WhiteFideId "13302000"]
[BlackFideId "5029465"]
[EventDate "2018.07.24"]

1. e4 e5 2. Nf3 Nc6 3. Bc4 Bc5 4. d3 Nf6 5. O-O O-O 6. Nbd2 d6 7. c3 a5 8. h3 h6
9. Re1 Be6 10. Bb5 Qb8 11. Nf1 Qa7 12. Qe2 a4 13. Bxc6 bxc6 14. Nh4 Kh7 15. Qf3
Ng8 16. g4 f6 17. Ng3 g6 18. Re2 Rf7 19. Be3 Raf8 20. Kh2 Ne7 21. Nhf5 Bxe3 22.
fxe3 gxf5 23. gxf5 Bd7 24. Nh5 Rg8 25. Rg2 Rxg2+ 26. Qxg2 Qxe3 27. Rg1 Qg5 28.
Qf3 Qh4 29. Rg4 Qxh5 30. Rg7+ Rxg7 31. Qxh5 d5 32. Qh4 Rg5 33. Qf2 dxe4 34. dxe4
Nc8 35. Qc5 Nd6 36. Qb4 Rg7 37. Qxa4 c5 38. Qa7 Nxe4 39. a4 Nd2 40. Qb7 e4 0-1

[Event "chess.com Speed 5m+1spm 2018"]
[Site "chess.com INT"]
[Date "2018.08.30"]
[Round "1.6"]
[White "Vidit, Santosh Gujrathi"]
[Black "Andriasian, Zaven"]
[Result "0-1"]
[WhiteTitle "GM"]
[BlackTitle "GM"]
[WhiteElo "2718"]
[BlackElo "2591"]
[WhiteFideId "5029465"]
[BlackFideId "13302000"]
[EventDate "2018.07.24"]

1. e4 c5 2. Nf3 d6 3. Bb5+ Nc6 4. O-O Bd7 5. Re1 Nf6 6. h3 g6 7. c3 Bg7 8. d4
O-O 9. Bf1 cxd4 10. cxd4 d5 11. e5 Ne4 12. Qb3 Bc8 13. Nbd2 Nxd2 14. Bxd2 Rb8
15. Rac1 Bf5 16. Bd3 Bxd3 17. Qxd3 e6 18. h4 h6 19. Rc2 Rc8 20. Rec1 Qd7 21. a3
a6 22. g3 Rfe8 23. Kg2 Ne7 24. Bb4 Rxc2 25. Rxc2 Nc6 26. Bc5 Rc8 27. Rc3 Qd8 28.
b4 Qd7 29. Nh2 h5 30. Nf3 Bh6 31. Bd6 Na7 32. Bc5 Nb5 33. Rc2 b6 34. Bxb6 Rxc2
35. Qxc2 Nxa3 36. Qa2 Nc4 37. Bc5 Qb5 38. Qe2 Ne3+ 0-1

[Event "chess.com Speed 5m+1spm 2018"]
[Site "chess.com INT"]
[Date "2018.08.30"]
[Round "1.7"]
[White "Andriasian, Zaven"]
[Black "Vidit, Santosh Gujrathi"]
[Result "1/2-1/2"]
[WhiteTitle "GM"]
[BlackTitle "GM"]
[WhiteElo "2591"]
[BlackElo "2718"]
[WhiteFideId "13302000"]
[BlackFideId "5029465"]
[EventDate "2018.07.24"]

1. e4 e5 2. Nf3 Nc6 3. Bc4 Bc5 4. d3 Nf6 5. O-O O-O 6. Nbd2 d6 7. c3 a5 8. Bb5
Ne7 9. d4 exd4 10. cxd4 Ba7 11. Re1 Ng6 12. h3 c6 13. Bd3 Nh5 14. Nf1 Nhf4 15.
Ng3 d5 16. e5 f6 17. Bxg6 Nxg6 18. exf6 Qxf6 19. Bg5 Qf7 20. Be3 h6 21. Nh2 Nh4
22. Ng4 Bxg4 23. Qxg4 Nf5 24. Nxf5 Qxf5 25. Qxf5 Rxf5 26. f3 a4 27. Bf2 Rf7 28.
Re6 Bb6 29. Rae1 Ra5 30. Re8+ Kh7 31. a3 Rb5 32. R1e2 Rb3 33. Ra8 Bc7 34. Rxa4
Bf4 35. Ra8 Bc1 36. a4 Rxb2 37. Rxb2 Bxb2 38. a5 Rf4 39. Kf1 Bxd4 40. Rb8 Bxf2
41. Kxf2 Ra4 42. Rxb7 Rxa5 43. Rc7 Rc5 44. f4 Kg6 45. g4 Rc3 46. h4 h5 47. gxh5+
Kf6 48. Rd7 Rh3 49. Rd6+ Kf5 50. Rxc6 Rxh4 51. Rg6 Kxf4 52. Rxg7 Rh2+ 53. Ke1
Rxh5 54. Kd2 Ke4 55. Rg3 Rh2+ 56. Kd1 d4 57. Ra3 d3 58. Ra8 Rh1+ 59. Kd2 Rh2+
60. Kd1 Rh1+ 61. Kd2 1/2-1/2

[Event "chess.com Speed 5m+1spm 2018"]
[Site "chess.com INT"]
[Date "2018.08.30"]
[Round "1.8"]
[White "Vidit, Santosh Gujrathi"]
[Black "Andriasian, Zaven"]
[Result "1/2-1/2"]
[WhiteTitle "GM"]
[BlackTitle "GM"]
[WhiteElo "2718"]
[BlackElo "2591"]
[WhiteFideId "5029465"]
[BlackFideId "13302000"]
[EventDate "2018.07.24"]

1. Nf3 d5 2. e3 Nf6 3. b3 Bg4 4. Bb2 e6 5. h3 Bh5 6. d3 Nbd7 7. Nbd2 Bd6 8. g4
Bg6 9. Nh4 e5 10. a3 c6 11. Bg2 Qe7 12. Qe2 a5 13. c4 Nc5 14. Nxg6 hxg6 15. cxd5
Nxd5 16. O-O O-O 17. Rfe1 Rfe8 18. Rac1 Rad8 19. Qf1 Qf8 20. Red1 Bc7 21. d4
exd4 22. Bxd4 Ne6 23. Bb2 Ng5 24. Qc4 Bb8 25. Nf1 Qe7 26. Rd3 Nf6 27. Rcd1 Bc7
28. Rxd8 Rxd8 29. Rxd8+ Qxd8 30. Qd4 Qe7 31. Nd2 Ne6 32. Qc3 Qd6 33. Kf1 Nd5 34.
Qc2 Qd7 35. Ne4 Bb6 36. Kg1 Qe7 37. Qc4 Qd8 38. Qd3 Qe7 39. Nd2 Nc5 40. Qd4 Ne6
41. Qe4 Qd7 42. Nc4 Bc7 43. Qd3 Nc5 44. Qd4 Ne6 45. Qd3 Nc5 46. Qd4 Ne6 47. Qd2
Qd8 48. Kf1 Nc5 49. Qd4 Ne6 50. Qd2 Nc5 51. Qd4 Ne6 52. Qd2 1/2-1/2

[Event "chess.com Speed 3m+1spm 2018"]
[Site "chess.com INT"]
[Date "2018.08.30"]
[Round "1.9"]
[White "Andriasian, Zaven"]
[Black "Vidit, Santosh Gujrathi"]
[Result "0-1"]
[WhiteTitle "GM"]
[BlackTitle "GM"]
[WhiteElo "2591"]
[BlackElo "2718"]
[WhiteFideId "13302000"]
[BlackFideId "5029465"]
[EventDate "2018.07.24"]

1. e4 e5 2. Nf3 Nc6 3. Bc4 Bc5 4. d3 Nf6 5. O-O O-O 6. c3 d5 7. exd5 Nxd5 8. a4
a5 9. Nbd2 Nb6 10. Bb5 Bd6 11. Ne4 Bg4 12. h3 Bh5 13. Ng3 Bg6 14. Re1 Na7 15.
Nxe5 Bxe5 16. Rxe5 c6 17. Be3 cxb5 18. axb5 Nac8 19. c4 Qxd3 20. b3 Qxd1+ 21.
Rxd1 Bc2 22. Re1 Nd7 23. Rd5 Rd8 24. Re2 Ne7 25. Rd6 Nf5 26. Nxf5 Bxf5 27. Red2
f6 28. g4 Bg6 29. Rxd7 Rxd7 30. Rxd7 a4 31. bxa4 Rxa4 32. f3 Rxc4 33. Rxb7 Be8
34. b6 Rb4 35. Kf2 h5 36. Kg3 hxg4 37. hxg4 Bc6 38. Re7 Rb3 39. Kf2 Rb2+ 40. Ke1
Rb3 41. Kd2 Bd5 42. g5 fxg5 43. Bd4 Bxf3 44. Rxg7+ Kf8 45. Rxg5 Ke7 46. Re5+ Kd6
47. Rf5 Bd5 48. Rf6+ Kd7 49. Be5 Rb5 50. Ke3 Kc8 51. Rf8+ Kb7 52. Kd4 Bc6 53.
Bc7 Rb4+ 54. Kc5 Rb5+ 55. Kc4 Rh5 56. Rb8+ Ka6 57. Ra8+ Bxa8 58. Bd8 Bc6 59. Bc7
Kb7 60. Kd4 Rf5 61. Ke3 Rd5 62. Kf4 Kc8 63. Ke3 Kd7 64. Kf4 Bb7 65. Ke3 Ke6 66.
Kf4 Rd4+ 67. Ke3 Kd5 68. Ke2 Ke4 69. Kf2 Rd3 70. Bb8 Rd2+ 71. Kg3 Rb2 72. Kg4
Rxb6 73. Bc7 Rg6+ 74. Kh5 Kf5 0-1

[Event "chess.com Speed 3m+1spm 2018"]
[Site "chess.com INT"]
[Date "2018.08.30"]
[Round "1.10"]
[White "Vidit, Santosh Gujrathi"]
[Black "Andriasian, Zaven"]
[Result "1/2-1/2"]
[WhiteTitle "GM"]
[BlackTitle "GM"]
[WhiteElo "2718"]
[BlackElo "2591"]
[WhiteFideId "5029465"]
[BlackFideId "13302000"]
[EventDate "2018.07.24"]

1. e4 c5 2. Nf3 d6 3. Bb5+ Nc6 4. O-O Bd7 5. Re1 Nf6 6. h3 g6 7. c3 Bg7 8. d4
O-O 9. Bf1 cxd4 10. cxd4 d5 11. e5 Ne4 12. Qb3 Bc8 13. Nbd2 Nxd2 14. Bxd2 Rb8
15. Bd3 Be6 16. Rac1 Qd7 17. Rc5 Rfc8 18. Rec1 h6 19. Qa3 a6 20. b4 Na7 21. Qb3
g5 22. a4 Rxc5 23. bxc5 Nc6 24. Be3 Na5 25. Qc3 Nc4 26. a5 g4 27. hxg4 Bxg4 28.
Nd2 Nxe3 29. fxe3 h5 30. Nf1 Rc8 31. Rb1 Rc7 32. Rb6 e6 33. Qb2 Bh6 34. Bb1 Kg7
35. Qf2 Qe7 36. e4 dxe4 37. Bxe4 Rd7 38. Rd6 Rc7 39. Bf3 Qg5 40. Bxg4 Qxg4 41.
Qf3 Qxf3 42. gxf3 Bf4 43. Kg2 f6 44. Ng3 Bxg3 45. Kxg3 fxe5 46. dxe5 Rxc5 47.
Rxe6 Rxa5 48. Re7+ Kg6 49. Rxb7 Rxe5 50. Rb6+ Kf7 51. Rxa6 1/2-1/2

[Event "chess.com Speed 3m+1spm 2018"]
[Site "chess.com INT"]
[Date "2018.08.30"]
[Round "1.11"]
[White "Andriasian, Zaven"]
[Black "Vidit, Santosh Gujrathi"]
[Result "1/2-1/2"]
[WhiteTitle "GM"]
[BlackTitle "GM"]
[WhiteElo "2591"]
[BlackElo "2718"]
[WhiteFideId "13302000"]
[BlackFideId "5029465"]
[EventDate "2018.07.24"]

1. e4 e5 2. Nf3 Nc6 3. Bc4 Bc5 4. d3 Nf6 5. O-O O-O 6. Nbd2 d6 7. c3 a5 8. h3 h6
9. Re1 Be6 10. Bb5 Qb8 11. Nf1 Qa7 12. Qe2 a4 13. Bxc6 bxc6 14. N3h2 Kh7 15. Ng3
Ng8 16. Rf1 Rab8 17. Kh1 Qb6 18. f4 exf4 19. Rxf4 Qb5 20. Rf1 Ba7 21. Ng4 Rbe8
22. c4 Qb8 23. Nf5 Qd8 24. Qf3 d5 25. cxd5 cxd5 26. Bf4 Bxf5 27. exf5 Bd4 28.
Rac1 c5 29. Qg3 Nf6 30. Bd6 Nxg4 31. hxg4 Re3 32. Qh2 Rfe8 33. Bf4 Rxd3 34. g5
Re2 35. f6 Qg8 36. Qh5 Re4 37. fxg7 Qxg7 38. gxh6 Qg6 39. Qxg6+ Kxg6 40. Rce1
Rxe1 41. Rxe1 Bxb2 42. g3 c4 43. Re8 Bf6 44. Rg8+ Kh7 45. Rf8 Kg6 46. Rg8+ Kh7
47. Rf8 Kg6 48. Rg8+ 1/2-1/2

[Event "chess.com Speed 3m+1spm 2018"]
[Site "chess.com INT"]
[Date "2018.08.30"]
[Round "1.12"]
[White "Vidit, Santosh Gujrathi"]
[Black "Andriasian, Zaven"]
[Result "1-0"]
[WhiteTitle "GM"]
[BlackTitle "GM"]
[WhiteElo "2718"]
[BlackElo "2591"]
[WhiteFideId "5029465"]
[BlackFideId "13302000"]
[EventDate "2018.07.24"]

1. Nf3 d5 2. e3 Nf6 3. c4 c6 4. Nc3 Nbd7 5. d4 e6 6. Qc2 Bd6 7. Be2 O-O 8. O-O
b6 9. e4 dxe4 10. Nxe4 Be7 11. Nxf6+ Nxf6 12. Bf4 Bb7 13. Rad1 h6 14. Ne5 Nd7
15. Bf3 Nxe5 16. Bxe5 Rc8 17. c5 Qd7 18. b4 Rfd8 19. a3 Qe8 20. Qe2 Ra8 21. Be4
Rd7 22. Qg4 Qf8 23. Bc2 bxc5 24. bxc5 Rad8 25. h4 Ba6 26. Rfe1 Bc4 27. Qe4 f5
28. Qxc6 Bd5 29. Qa6 Bxh4 30. c6 Rf7 31. c7 Rc8 32. Rb1 Rfxc7 33. Bxc7 Rxc7 34.
Bb3 Kh7 35. Bxd5 exd5 36. Qe6 Rc2 37. g3 Bg5 38. Rb8 Qf6 39. Qg8+ Kg6 40. Re6 1-0

[Event "chess.com Speed 3m+1spm 2018"]
[Site "chess.com INT"]
[Date "2018.08.30"]
[Round "1.13"]
[White "Andriasian, Zaven"]
[Black "Vidit, Santosh Gujrathi"]
[Result "1/2-1/2"]
[WhiteTitle "GM"]
[BlackTitle "GM"]
[WhiteElo "2591"]
[BlackElo "2718"]
[WhiteFideId "13302000"]
[BlackFideId "5029465"]
[EventDate "2018.07.24"]

1. Nf3 d5 2. c4 d4 3. g3 Nc6 4. Bg2 e5 5. d3 Bb4+ 6. Bd2 a5 7. O-O h6 8. Na3 Nf6
9. Nc2 Be7 10. e3 O-O 11. exd4 exd4 12. Re1 Re8 13. Bf4 Bc5 14. Rxe8+ Nxe8 15.
h4 Nf6 16. Qd2 Ng4 17. Re1 Bf5 18. a3 a4 19. Nb4 Na5 20. Nd5 c6 21. Bc7 Nb3 22.
Qf4 Qd7 23. Nb6 Bxb6 24. Bxb6 c5 25. Ne5 Nxe5 26. Rxe5 Bxd3 27. Bxc5 Rc8 28. Rd5
Qe6 29. Bxd4 Bxc4 30. Re5 Qd7 31. Bc3 Be6 32. Re1 Nc5 33. Qe3 b6 34. Bf3 Re8 35.
Bb4 Qc8 36. Rc1 Bb3 37. Qd4 Qf5 38. Bg2 Nd3 39. g4 Qf4 40. Qxf4 Nxf4 41. Bf3 Bd5
42. Rc3 Bxf3 43. Rxf3 Nd5 44. Bc3 Re4 45. Rg3 Nf4 46. Kh2 f6 47. g5 fxg5 48.
hxg5 h5 49. g6 Re6 50. Rg5 Rxg6 51. Rf5 Rg2+ 52. Kh1 Rxf2 53. Bd4 Rf1+ 54. Kh2
Rf3 55. Be5 Rh3+ 56. Kg1 Ne6 57. Bc3 Nc5 58. Rg5 Kf7 59. Rxg7+ Ke6 60. Rh7 Kd5
61. Kg2 Rh4 62. Rh6 b5 63. Kg3 Rg4+ 64. Kf3 Rg8 65. Rxh5+ Kc6 66. Rh4 Ne6 67.
Ke4 Rf8 68. Rh6 Kd7 69. Rh7+ Kc6 70. Rh6 Kd7 71. Ke5 Nc7 72. Rh7+ Kc6 73. Rh6+
Kb7 74. Ba5 Rf7 75. Rb6+ Ka7 76. Rc6 Kb7 77. Rc5 Rd7 78. Bxc7 Rxc7 79. Rxb5+ Ka6
80. Rb4 Ka5 81. Kd4 Rc2 82. Kd3 Rh2 83. Kc3 Rh3+ 84. Kc2 Rh2+ 85. Kb1 Re2 86.
Rc4 Kb5 87. Rd4 Rf2 88. Rd5+ Kb6 89. Kc1 Rg2 90. Rd2 Rg1+ 91. Kc2 Rg3 92. Rd3
Rg2+ 93. Kc3 Kb5 94. Rd5+ Ka6 95. Rd3 Kb5 96. Rd5+ Ka6 97. Rd2 Rg4 98. Rd4 Rg3+
99. Kc4 Rb3 100. Rd2 Kb6 101. Rd6+ Kc7 102. Rd2 Kc6 103. Kd4 Kb5 104. Rc2 Kb6
105. Rc8 Kb7 106. Rc2 Kb6 107. Kc4 Kb7 1/2-1/2

[Event "chess.com Speed 3m+1spm 2018"]
[Site "chess.com INT"]
[Date "2018.08.30"]
[Round "1.14"]
[White "Vidit, Santosh Gujrathi"]
[Black "Andriasian, Zaven"]
[Result "0-1"]
[WhiteTitle "GM"]
[BlackTitle "GM"]
[WhiteElo "2718"]
[BlackElo "2591"]
[WhiteFideId "5029465"]
[BlackFideId "13302000"]
[EventDate "2018.07.24"]

1. e4 g6 2. d4 d6 3. Nc3 Bg7 4. Be3 c6 5. Qd2 Nd7 6. Nf3 Ngf6 7. Bh6 Bxh6 8.
Qxh6 Qa5 9. Bd3 b5 10. O-O b4 11. Ne2 Ba6 12. Bxa6 Qxa6 13. Ng3 Qb5 14. Rfe1 e5
15. Rad1 Qc4 16. dxe5 dxe5 17. Nxe5 Nxe5 18. Qf4 Nfd7 19. Qg5 h6 20. Qh4 Qc5 21.
Re2 Qe7 22. Qh3 Rd8 23. f4 Nc4 24. b3 Ncb6 25. Red2 O-O 26. Qxh6 Nf6 27. Qg5
Rxd2 28. Rxd2 Rd8 29. Re2 Rd1+ 30. Kf2 Nbd7 31. Kf3 Qc5 32. h4 Qc3+ 33. Kf2 Qd4+
34. Kf3 Nc5 35. h5 Ne6 36. Qh6 Qc3+ 0-1